Endokrin krízishelyzetek felismerése és a sürgős terápia elkezdése

Elmentve itt :
Bibliográfiai részletek
Szerzők: Valkusz Zsuzsanna
Julesz János
Dokumentumtípus: Könyv része
Megjelent: Medicina Könyvkiadó Zrt. Budapest 2018
Sorozat:Differenciáldiagnosztikai kalauz 6. bőv. és átdolg. kiad.
Tárgyszavak:
mtmt:30408736
Online Access:http://publicatio.bibl.u-szeged.hu/28349
LEADER 00883naa a2200229 i 4500
001 publ28349
005 20231106091750.0
008 231106s2018 hu o 0|| Magyar d
020 |a 9789632266633 
024 7 |a 30408736  |2 mtmt 
040 |a SZTE Publicatio Repozitórium  |b hun 
041 |a Magyar 
100 1 |a Valkusz Zsuzsanna 
245 1 0 |a Endokrin krízishelyzetek felismerése és a sürgős terápia elkezdése  |h [elektronikus dokumentum] /  |c  Valkusz Zsuzsanna 
260 |a Medicina Könyvkiadó Zrt.  |b Budapest  |c 2018 
300 |a 6 
300 |a 446-451 
490 0 |a Differenciáldiagnosztikai kalauz  |v 6. bőv. és átdolg. kiad. 
650 4 |a Klinikai orvostan 
700 0 1 |a Julesz János  |e aut 
856 4 0 |u http://publicatio.bibl.u-szeged.hu/28349/2/DDK_fejezet.pdf  |z Dokumentum-elérés  
856 4 0 |u http://publicatio.bibl.u-szeged.hu/28349/1/DDK_cimlap.pdf  |z Dokumentum-elérés